<?xml version="1.0" encoding="UTF-8"?>
<record
    xmlns:xsi="http://www.w3.org/2001/XMLSchema-instance"
    xsi:schemaLocation="http://www.loc.gov/MARC21/slim http://www.loc.gov/standards/marcxml/schema/MARC21slim.xsd"
    xmlns="http://www.loc.gov/MARC21/slim">

  <leader>00576nam a22002057a 4500</leader>
  <controlfield tag="007">00</controlfield>
  <controlfield tag="008">160623b        xxu||||| |||| 00| 0 eng d</controlfield>
  <datafield tag="020" ind1=" " ind2=" ">
    <subfield code="a">978-2-10-056789-8</subfield>
  </datafield>
  <datafield tag="040" ind1=" " ind2=" ">
    <subfield code="a">BUAC</subfield>
    <subfield code="c">BUC</subfield>
  </datafield>
  <datafield tag="041" ind1=" " ind2=" ">
    <subfield code="a">Fre.</subfield>
  </datafield>
  <datafield tag="100" ind1=" " ind2=" ">
    <subfield code="a">Divard, Ronan</subfield>
  </datafield>
  <datafield tag="245" ind1=" " ind2=" ">
    <subfield code="a">Le marketing participatif 2.0</subfield>
    <subfield code="c">/ par Ronan Divarrd</subfield>
  </datafield>
  <datafield tag="260" ind1=" " ind2=" ">
    <subfield code="a">Paris :</subfield>
    <subfield code="b">Dunod, </subfield>
    <subfield code="c">2011</subfield>
  </datafield>
  <datafield tag="300" ind1=" " ind2=" ">
    <subfield code="a">147 p.</subfield>
    <subfield code="c">18 cm.</subfield>
  </datafield>
  <datafield tag="440" ind1=" " ind2=" ">
    <subfield code="a">( Collection Management Sup )</subfield>
  </datafield>
  <datafield tag="521" ind1=" " ind2=" ">
    <subfield code="a">Bibliogr. pp. (139- 142) ; Index : pp. (145 - 147)</subfield>
  </datafield>
  <datafield tag="630" ind1=" " ind2=" ">
    <subfield code="a">SCIENCES APPLIQUEES</subfield>
  </datafield>
  <datafield tag="650" ind1=" " ind2=" ">
    <subfield code="a">Marketing</subfield>
    <subfield code="9">19825</subfield>
  </datafield>
  <datafield tag="942" ind1=" " ind2=" ">
    <subfield code="c">LIV</subfield>
  </datafield>
  <datafield tag="999" ind1=" " ind2=" ">
    <subfield code="c">54690</subfield>
    <subfield code="d">54690</subfield>
  </datafield>
  <datafield tag="952" ind1=" " ind2=" ">
    <subfield code="0">0</subfield>
    <subfield code="1">0</subfield>
    <subfield code="4">0</subfield>
    <subfield code="7">0</subfield>
    <subfield code="a">BUAC</subfield>
    <subfield code="b">BUAC</subfield>
    <subfield code="d">2015-06-11</subfield>
    <subfield code="e">Don ARES</subfield>
    <subfield code="f">16/436</subfield>
    <subfield code="l">0</subfield>
    <subfield code="o">658.8 DIV</subfield>
    <subfield code="p">16-436BUC</subfield>
    <subfield code="r">2016-06-23 00:00:00</subfield>
    <subfield code="t">1</subfield>
    <subfield code="w">2016-06-23</subfield>
    <subfield code="y">LIV</subfield>
  </datafield>
  <datafield tag="952" ind1=" " ind2=" ">
    <subfield code="0">0</subfield>
    <subfield code="1">0</subfield>
    <subfield code="4">0</subfield>
    <subfield code="7">0</subfield>
    <subfield code="a">BUAC</subfield>
    <subfield code="b">BUAC</subfield>
    <subfield code="d">2015-06-11</subfield>
    <subfield code="e">Don ARES</subfield>
    <subfield code="f">16/611</subfield>
    <subfield code="l">0</subfield>
    <subfield code="o">658.8 DIV</subfield>
    <subfield code="p">16-611BUC</subfield>
    <subfield code="r">2016-06-23 00:00:00</subfield>
    <subfield code="t">2</subfield>
    <subfield code="w">2016-06-23</subfield>
    <subfield code="y">LIVR</subfield>
  </datafield>
</record>
